Country by Political Figure - Statistics

General Stats
  • This quiz has been taken 75 times
  • The average score is 11 of 16
Answer Stats
Picture Answer % Correct
China
100%
U.S.A
100%
Canada
99%
France
96%
U.K
94%
North Korea
91%
Russia
91%
Turkey
81%
Israel
78%
Myanmar
62%
Venezuela
57%
Belarus
52%
Hungary
48%
Ireland
20%
Croatia
14%
Nicaragua
13%
No matching quizzes found
Score Distribution
Percent of People with Each Score
Percentile by Number Answered
Your Score History
You have not taken this quiz